El problema de los vagos en la España del Siglo XVIII / (Record no. 119028)

MARC details
000 -LEADER
campo de control de longitud fija 00699nam a2200181 i 4500
001 - NÚMERO DE CONTROL
campo de control 119028
003 - IDENTIFICADOR DE NÚMERO DE CONTROL
campo de control ES-MaACL
005 - FECHA Y HORA DE LA ÚLTIMA TRANSACCIÓN
campo de control 20230906191226.0
008 - DATOS DE LONGITUD FIJA--INFORMACIÓN GENERAL
campo de control de longitud fija 070214s1976 sp |||| | spa d
100 1# - ENTRADA PRINCIPAL--NOMBRE DE PERSONA
Nombre de persona Pérez Estévez, Rosa María.
9 (RLIN) 90853
245 13 - MENCIÓN DEL TÍTULO
Título El problema de los vagos en la España del Siglo XVIII /
Mención de responsabilidad, etc. por Rosa María Pérez Estévez ; prólogo Luis Miguel Enciso Recio.
260 ## - PUBLICACIÓN, DISTRIBUCIÓN, ETC.
Lugar de publicación, distribución, etc. Madrid :
Nombre del editor, distribuidor, etc. Confederación Española de Cajas de Ahorros,
Fecha de publicación, distribución, etc. 1976.
300 ## - DESCRIPCIÓN FÍSICA
Extensión 378 p. ;
Dimensiones 25 cm.
650 #4 - PUNTO DE ACCESO ADICIONAL DE MATERIA--TÉRMINO DE MATERIA
Término de materia o nombre geográfico como elemento de entrada Vagabundos-
Subdivisión geográfica España-
Subdivisión de forma Historia.
9 (RLIN) 170846
700 1# - ENTRADA AGREGADA--NOMBRE PERSONAL
Nombre de persona Enciso Recio, Luis Miguel.
9 (RLIN) 47191
710 2# - ENTRADA AGREGADA--NOMBRE DE ENTIDAD CORPORATIVA
Nombre de entidad corporativa o nombre de jurisdicción como elemento de entrada Confederación Española de Cajas de Ahorros.
9 (RLIN) 3148
852 ## - LOCALIZACIÓN
Ubicación ES-MaACL
Número de control de estantería A-5602
Holdings
Estatus retirado Estado de pérdida Estado de daño No para préstamo Biblioteca de origen Biblioteca actual Ubicación en estantería Fecha de adquisición Fuente de adquisición Total de préstamos Signatura topográfica completa Código de barras Visto por última vez Precio de reemplazo Tipo de ítem Koha
        Biblioteca del Ateneo de Madrid Biblioteca del Ateneo de Madrid Sala Pecera Planta 1 17/01/2008     A-5602 1124084 23/02/2023 23/02/2023 Libro impreso